Technológie a služby inteligentnej dopravy /

Hlavní autor: Dado, Milan, 1951-
Další autoři: Zahradník, Jiří, 1946-2008
Jazyk: Slovenština
Vydáno: Žilina : Žilinská univerzita v Žiline, 2007
Vydání: 1. vyd.
Edice: Odborná knižná publikácia
Témata:
Fyzický popis: 378 s. : il. (některé barev.) ; 25 cm
Knihy
Uloženo v:
LEADER 01597nam a2200445 a 4500
001 000916274
003 CZ BrMZK
005 20180207103949.0
007 ta
008 081010s2007 xo a f 001 0 slo
020 |a 978-80-8070-691-3  |q (váz.) 
040 |a BOA001  |b cze 
072 7 |a 656  |x Doprava  |2 Konspekt  |9 4 
080 |a 656.022  |2 MRF 
080 |a 656  |2 MRF 
080 |a 656:004  |2 MRF 
080 |a 656.022.9  |2 MRF 
080 |a 004.89  |2 MRF 
080 |a (048.8)  |2 MRF 
100 1 |a Dado, Milan,  |d 1951-  |7 xx0046316  |4 aut 
245 1 0 |a Technológie a služby inteligentnej dopravy /  |c Milan Dado, Jiří Zahradník a kolektív 
250 |a 1. vyd. 
260 |a Žilina :  |b Žilinská univerzita v Žiline,  |c 2007 
300 |a 378 s. :  |b il. (některé barev.) ;  |c 25 cm 
490 1 |a Odborná knižná publikácia 
500 |a 300 výt. 
504 |a Obsahuje bibliografie a rejstřík 
541 |a Bratislava, Centrum vedecko-technických informácií SR 
650 0 7 |a integrované dopravní systémy  |7 ph335387  |2 czenas 
650 0 7 |a dopravní inženýrství  |7 ph114348  |2 czenas 
650 0 7 |a dopravní telematika  |7 ph136636  |2 czenas 
650 0 7 |a dopravní obslužnost  |7 ph337760  |2 czenas 
650 0 7 |a inteligentní systémy  |7 ph307615  |2 czenas 
655 7 |a studie  |7 fd133597  |2 czenas 
700 1 |a Zahradník, Jiří,  |d 1946-2008  |7 mzk2005317881  |4 aut 
810 2 |a Žilinská univerzita.  |t Monografie 
910 |a BOA001  |b 3-1206.903 
990 |a BK 
991 |b 200810  |c NOV 
996 6 |b 2610357973  |c 3-1206.903  |l MZK  |r STM 6p  |n 0  |p vým.  |h 656 DAD  |w 000916274  |u 000010  |a 0  |e BOA001  |j MZK50  |s P